000 00617cam a22002293a 4500
001 20353
003 PGUSA
005 20140828083430.0
008 070115s2007||||xxu|||||s|||||000 | eng d
040 _aPGUSA
_beng
042 _adc
050 4 _aPN
245 1 4 _aThe Best Nonsense Verses
_h[electronic resource]
260 _bProject Gutenberg,
_c2007
506 _aPublic domain in the USA.
516 _aElectronic text
653 _aNonsense verses
700 1 _aBacon, Josephine Daskam,
_d1876-1961
830 0 _aProject Gutenberg
_v20353
856 4 0 _uhttp://www.gutenberg.org/ebooks/20353
942 _cEB
999 _c249608
_d249608